000 01963nam a2200397 c 4500
003 BLK
005 20230405141150.0
008 180408b bul|||||r ||||||| ||bul||
010 _aKNG00065323000
040 _aBLK
041 _aBUL
_cBUL
080 _aСпециална библиография
_b016
_x:949.72
_z016:949.72
080 _aИстория на България
_b94(497.2)
_x(01)
_z94(497.2)(01)
080 _aСпециална библиография
_b016
_x:886.7
_z016:886.7
080 _aБългарска литература
_b821.163.2
_x(01)
_z821.163.2(01)
700 1 _aПетрова, Иванка Апостолова
_eсъстав. на том
_9366033
700 1 _aВангелова, Иванка Трифонова
_eсъстав. на том
_9290334
139 _aИсторията на България в мемоарната литература
_bИ 95
245 1 0 _aИсторията на България в мемоарната литература
_bБиблиогр. указ. : Ч. 1 -
_cсъстав. на том Иванка Апостолова Петрова; състав. на том Иванка Трифонова Вангелова.
_nЧ. 1
257 _aBGR
260 София
_bНар. библ. Св. св. Кирил и Методий
_c1985 -
300 _c23 см
380 _a0
650 4 _aМемоарна литература, българска
_9161863
650 4 _aБългария - история - библиографии
_9290335
651 4 _aБългария
_9241624
653 _aбългарска история
653 _aбългарска литература
653 _aбиблиографски указатели
760 1 _d1985
_h183 с.
_nПоказалци.
_tЧ. 1
852 _aЦб 132626
856 4 _qpdf
_u
856 4 _qpdf
_u
942 _cKNG
_n0
944 _aCR
_c13.06.2004
_lф /
_kРенета_Константинова
944 _aED
_c13.09.2017
_lф /
_kЛюдмила_Стоянова
999 _c61130
_d61130